100 joueurs iraniens avec la plus grosse valeur marchande - Statistiques

Statistiques générales
  • Ce quiz a été pris 24 fois
  • Le résultat moyen est 4 sur 100
Statistiques - réponses
Club Prix Réponse % Correct
FC Porto 18 millions Medhi Taremi
100%
AS Rome 12 millions Sardar Azmoun
71%
Brentford 2 millions Saman Ghoddos
33%
Feyenoord Rotterdam 4 millions Alireza Jahanbakhsh
29%
Lech Poznan 1,5 millions Ali Gholizadeh
19%
Persepolis FC 1,2 millions Alireza Beiranvand
19%
AEK Athenes 800k Ehsan Hajsafi
10%
Sepahan FC 500k Kaveh Rezaei
10%
Esteghlal FC 1,5 millions Mehrdad Mohammadi
10%
AEK Athenes 1,5 millions Milad Mohammadi
10%
FK Rostov 1,2 millions Mohammad Mohebi
10%
Sepahan FC 450k Ramin Rezaeian
10%
Esteghlal FC 600k Roozbeh Cheshmi
10%
Vejle BK 400k Saeid Ezatolahi
10%
Gil Vicente 1,2 millions Ali Alipour
5%
Kayserispor 800k Ali Karimi
5%
CS Maritimo 1,5 millions Amir Abedzadeh
5%
Esteghlal FC 550k Hossein Hosseini
5%
Omonia Nicosie 800k Karim Ansarifard
5%
Kayserispor 2,6 millions Majid Hosseini
5%
Ittihad Kalba 2 millions Mehdi Ghayedi
5%
Persepolis FC 1,3 millions Mehdi Torabi
5%
Sepahan FC 1,2 millions Omid Noorafkan
5%
Dinamo Zagreb 2 millions Sadegh Moharrami
5%
Foolad FC 400k Sasan Ansari
5%
Tractor FC 550k Seyed Mehdi Hosseini
5%
Tractor FC 400k Seyed Mohammad Hosseini
5%
Sepahan FC 700k Seyed Mohammad Karimi
5%
Gol Gohar Sirjan 450k Abolfazl Razzaghpour
0%
Al-Wahda 2 millions Ahmad Nourollahi
0%
Persepolis FC 650k Ali Nemati
0%
Gol Gohar Sirjan 600k Alireza Alizadeh
0%
Gol Gohar Sirjan 450k Alireza Koushki
0%
Aluminium Arak 450k Alireza Naghizadeh
0%
Foolad FC 400k Ali Shojaei
0%
Mes Kerman 450k Ali Vaziri Panah
0%
Hull City 3 millions Allahyar Sayyadmanesh
0%
Tractor FC 800k Amirhossein Hosseinzadeh
0%
Esteghlal FC 550k Arash Rezavand
0%
Tractor FC 600k Aref Aghasi
0%
(sans club) 500k Aref Gholami
0%
Tractor FC 475k Aref Rostani
0%
Esteghlal FC 700k Armin Sohrabian
0%
Esteghlal FC 450k Arsalan Motahari
0%
Persepolis FC 850k Danial Esmaeilifar
0%
Sepahan FC 550k Ehsan Pahlevan
0%
Shams Azar Qazvin 375k Faraz Enamali
0%
Sepahan FC 550k Farshad Ahmadzadeh
0%
Persepolis FC 550k Farshad Faraji
0%
Paykan FC 450k Gholamreza Sabet Imani
0%
Persepolis FC 2 millions Hossein Kanaani
0%
Tractor FC 800k Hossein Pourhamidi
0%
Esteghlal FC 500k Jafar Salmani
0%
Zob Ahan Esfahan 400k Kamal Kamyabinia
0%
Zob Ahan Esfahan 550k Majid Aliyari
0%
Persepolis FC 375k Masoud Rigi
0%
Tractor FC 550k Mehdi Abdi Qara
0%
Tractor FC 450k Mehdi Hashemnejad
0%
Esteghlal FC 600k Mehdi Medhipour
0%
Gol Gohar Sirjan 500k Mehdi Tikdari
0%
Aluminium Arak 450k Milad Badragheh
0%
Persepolis FC 1 million Milad Sarlak
0%
Sepahan FC 750k Milad Zakipour
0%
Foolad FC 400k Mohammad Abbaszadeh
0%
Tractor FC 400k Mohammad Aghajanpour
0%
Foolad FC 400k Mohammad Alinejad
0%
Al-Sadd 550k Mohammad Amin Hazbavi
0%
Sepahan FC 550k Mohammad Daneshgar
0%
Zob Ahan Esfahan 450k Mohammadhossein Eslami
0%
Mes Rafsanjan 550k Mohammad Khodabandelou
0%
Tractor FC 450k Mohammad Mehdi Ghanbari
0%
Tractor FC 400k Mohammad Naderi
0%
Persepolis FC 600k Mohammad Omri
0%
Gol Gohar Sirjan 650k Mohammadreza Akhbari
0%
Nassaji Mazandaran 450k Mohammad Reza Azadi
0%
Sanat Naft 400k Mohammadreza Khanzadeh
0%
(sans club) 400k Mohammad Sharifi
0%
Foolad FC 400k Mojtaba Najarian
0%
Persepolis FC 700k Morteza Pouraliganji
0%
Persepolis FC 450k Omid Alishah
0%
Sepahan FC 750k Payam Niazmand
0%
Esteghlal FC 700k Peyman Babaei
0%
Shams Azar Qazvin 500k Rahman Jafari
0%
Sepahan FC 1,2 millions Reza Asadi
0%
Sepahan FC 700k Reza Shekari
0%
Esteghlal FC 500k Saeid Mehri
0%
Persepolis FC 1 million Saeid Sadeghi
0%
Shams Azar Qazvin 400k Sajjad Bazgir
0%
Esteghlal FC 500k Saleh Hardani
0%
Gol Gohar Sirjan 900k Saman Fallah
0%
Persepolis FC 750k Shahab Zahebi
0%
Foolad FC 400k Shahin Tavakoli
0%
Sepahan FC 1 million Shahriar Moghanlou
0%
Tractor FC 450k Siamak Nemati
0%
Persepolis FC 500k Sina Asadbeigi
0%
Persepolis FC 450k Soroosh Rafiei
0%
Sanat Naft 450k Taleb Reykani
0%
Foolad FC 400k Vahid Heydarieh
0%
Persepolis FC 500k Yasin Salmani
0%
Esteghlal FC 500k Zobeir Niknafs
0%
Aucun quiz correspondant
Distribution des résultats
% des personnes avec chaque résultat
Percentile par nombre de réponses
Votre historique - résultats
Vous n’avez pas pris ce quiz